United States One Cent Stamp, The (Record no. 670)

000 -LEADER
fixed length control field 00302nam a22001337a 4500
003 - CONTROL NUMBER IDENTIFIER
control field OSt
008 - FIXED-LENGTH DATA ELEMENTS--GENERAL INFORMATION
fixed length control field 150215b xxu||||| |||| 00| 0 eng d
041 ## - LANGUAGE CODE
Language code of text/sound track or separate title eng
100 1# - MAIN ENTRY--PERSONAL NAME
Personal name Ashbrook,Stanley B.
245 10 - TITLE STATEMENT
Title United States One Cent Stamp, The
246 10 - VARYING FORM OF TITLE
Title proper/short title Volume I
260 ## - PUBLICATION, DISTRIBUTION, ETC. (IMPRINT)
Name of publisher, distributor, etc. 1938
Date of publication, distribution, etc. 1938
300 ## - PHYSICAL DESCRIPTION
Extent 0 pages
Holdings
Withdrawn status Lost status Damaged status Not for loan Permanent Location Current Location Date acquired Total Checkouts Date last seen Price effective from Koha item type
        Northern Philatelic Library Northern Philatelic Library 02/15/2015   06/28/2015 06/28/2015 Books

Powered by Koha